<?xml version="1.0" encoding="UTF-8"?>
<record
    xmlns:xsi="http://www.w3.org/2001/XMLSchema-instance"
    xsi:schemaLocation="http://www.loc.gov/MARC21/slim http://www.loc.gov/standards/marcxml/schema/MARC21slim.xsd"
    xmlns="http://www.loc.gov/MARC21/slim">

  <leader>00827nam a22002177a 4500</leader>
  <datafield tag="999" ind1=" " ind2=" ">
    <subfield code="c">187820</subfield>
    <subfield code="d">187820</subfield>
  </datafield>
  <controlfield tag="005">20220429145726.0</controlfield>
  <datafield tag="010" ind1=" " ind2=" ">
    <subfield code="a">ENG-132474-75</subfield>
  </datafield>
  <datafield tag="020" ind1=" " ind2=" ">
    <subfield code="a">9788194522904</subfield>
    <subfield code="c">1660.00</subfield>
  </datafield>
  <datafield tag="020" ind1=" " ind2=" ">
    <subfield code="a">9788194522911</subfield>
    <subfield code="c">1232.00</subfield>
  </datafield>
  <datafield tag="035" ind1=" " ind2=" ">
    <subfield code="a">EN-116006-07</subfield>
  </datafield>
  <datafield tag="037" ind1=" " ind2=" ">
    <subfield code="b">DBAD/PUB</subfield>
  </datafield>
  <datafield tag="082" ind1=" " ind2=" ">
    <subfield code="a">582.034</subfield>
  </datafield>
  <datafield tag="245" ind1=" " ind2=" ">
    <subfield code="a">Flowering Plants of India:</subfield>
    <subfield code="b">An Annotated Checklist/</subfield>
    <subfield code="c">Edited by Ashiho Asosii Mao and Sudhansu Sekhar Dash</subfield>
  </datafield>
  <datafield tag="260" ind1=" " ind2=" ">
    <subfield code="a">Kolkata</subfield>
    <subfield code="b">The Director Botanical Survey Of India</subfield>
    <subfield code="c">2020</subfield>
  </datafield>
  <datafield tag="270" ind1=" " ind2=" ">
    <subfield code="a">CGO Complex, 3rd MSO Buildin, Block F, 5th &amp; 6th Floor, DF-Block, Sector-I, Salt Lake City</subfield>
    <subfield code="b">Kolkata</subfield>
    <subfield code="e">700064</subfield>
  </datafield>
  <datafield tag="300" ind1=" " ind2=" ">
    <subfield code="a">970p. (v1), 705p. (v2)</subfield>
    <subfield code="b">Index</subfield>
    <subfield code="c">29cm(hbk)</subfield>
  </datafield>
  <datafield tag="500" ind1=" " ind2=" ">
    <subfield code="a">Volume 1 to 2</subfield>
  </datafield>
  <datafield tag="700" ind1=" " ind2=" ">
    <subfield code="a">Edited by Dash, Sudhansu Sekhar</subfield>
  </datafield>
  <datafield tag="700" ind1=" " ind2=" ">
    <subfield code="a">Edited by Mao, Ashiho Asosil</subfield>
  </datafield>
  <datafield tag="942" ind1=" " ind2=" ">
    <subfield code="2">ddc</subfield>
    <subfield code="c">EN</subfield>
    <subfield code="h">582.034</subfield>
    <subfield code="m">FLO</subfield>
  </datafield>
  <datafield tag="952" ind1=" " ind2=" ">
    <subfield code="0">0</subfield>
    <subfield code="1">0</subfield>
    <subfield code="3">VOLUME 1</subfield>
    <subfield code="4">0</subfield>
    <subfield code="7">1</subfield>
    <subfield code="8">REF</subfield>
    <subfield code="a">AV</subfield>
    <subfield code="b">AV</subfield>
    <subfield code="d">2022-04-29</subfield>
    <subfield code="e">DBAD/PUB</subfield>
    <subfield code="g">1660.00</subfield>
    <subfield code="l">0</subfield>
    <subfield code="o">582.034 FLO</subfield>
    <subfield code="p">EN-116006</subfield>
    <subfield code="r">2022-04-29 00:00:00</subfield>
    <subfield code="t">1</subfield>
    <subfield code="v">1660.00</subfield>
    <subfield code="y">EN</subfield>
  </datafield>
  <datafield tag="952" ind1=" " ind2=" ">
    <subfield code="0">0</subfield>
    <subfield code="1">0</subfield>
    <subfield code="3">VOLUME 2</subfield>
    <subfield code="4">0</subfield>
    <subfield code="7">1</subfield>
    <subfield code="8">REF</subfield>
    <subfield code="a">AV</subfield>
    <subfield code="b">AV</subfield>
    <subfield code="d">2022-04-29</subfield>
    <subfield code="e">DBAD/PUB</subfield>
    <subfield code="g">1232.00</subfield>
    <subfield code="l">0</subfield>
    <subfield code="o">582.034 FLO</subfield>
    <subfield code="p">EN-116007</subfield>
    <subfield code="r">2022-04-29 00:00:00</subfield>
    <subfield code="t">1</subfield>
    <subfield code="v">1232.00</subfield>
    <subfield code="y">EN</subfield>
  </datafield>
</record>
